000 00630nam a2200145Ia 4500
008 100122s9999 xx 000 0 und d
082 _b52315
_a925
100 _aकुंटे प्रभाकर
245 _aभारतीय शास्त्रज्ञ: डॉ. सी. व्ही. रामन
260 _bपॉप्युलर प्रकाशन
_c1996
300 _a72
630 _aभारतीय शास्त्रज्ञ: डॉ. सी. व्ही. रामन
730 _aभारतीय शास्त्रज्ञ: डॉ. सी. व्ही. रामन
942 _cBOOK
999 _c429495
_d429492